[Event "Gligoric Cup 2nd"]
[Site "Kragujevac"]
[Date "2014.12.06"]
[Round "1.4"]
[White "Grahovac, Goran"]
[Black "Ilic, Dragan M"]
[Result "0-1"]
[WhiteElo "1957"]
[BlackElo "2358"]
[PlyCount "64"]
[EventDate "2014.12.06"]
[EventType "team-tourn"]
[EventRounds "9"]
[EventCountry "SRB"]
[SourceTitle "CBM 164 Extra"]
[Source "ChessBase"]
[SourceDate "2015.03.02"]
[SourceVersion "1"]
[SourceVersionDate "2015.03.02"]
[SourceQuality "1"]
[WhiteTeam "Novi Sad Pravi potez"]
[BlackTeam "Valjevo 2005"]
[WhiteTeamCountry "SRB"]
[BlackTeamCountry "SRB"]

1. e4 e6 2. d4 d5 3. exd5 exd5 4. Bd3 Bd6 5. Nf3 Bg4 6. 0-0 Ne7 7. Re1 Nbc6 8. c3 Qd7 9. Bg5 f6 10. Bh4 0-0-0 11. Nbd2 Ng6 12. Bg3 Nf4 13. Bxf4 Bxf4 14. Qc2 Kb8 15. b4 g5 16. a4 h5 17. a5 Ne7 18. b5 Nc8 19. Rab1 h4 20. Kh1 Bxf3 21. Nxf3 g4 22. Ng1 Rdg8 23. Bf5 Qd6 24. h3 g3 25. f3 Bg5 26. Qb2 Re8 27. Qc2 Qf4 28. Re2 Nd6 29. Bd3 Re3 30. Rbe1 Rhe8 31. Rxe3 Rxe3 32. Ne2 Re7 0-1